000 00728nam a2200265 a 4500
001 vtls000969225
003 NLI
005 20210627095154.0
008 120112s1957 enka 000 0 eng
039 9 _y201201121808
_zEntertech_02
040 0 _aNLI
_beng
_cEntertech-2011
_eAACR2
041 0 _aeng
044 _aenk
084 _a108.B.193
100 1 _aShirley, Andrew
_9909696
245 1 0 _aPlots and conspiracies /
_cAndrew Shirley
260 _aLondon :
_bRoutledge,
_c1957
300 _axiii, 142 p. :
_bill. ;
_c22 cm.
650 0 _aConspiracies
_9868463
650 0 _aAssassination
_9909697
887 _a
901 _a319742 :
_b7.3.1958
902 _a108.B.193
999 _aVIRTUA
_c793264
_d793264
942 _2ddc
_cBKS